Mesační jazdci 5 - Snehová kobyla /
Je zima a jazdci a jazdkyne z Mesačných stajní sa pripravujú na najdôležitejšie preteky roka. Amara a jej priatelia majú šancu súťaž vyhrať, ale nedarí sa im. Neskôr sa dozvedia, že aj ďalšie dva tímy čelia nebezpečnými situáciám. Keď zistia, že štvrtý tím – ten z Búrkových stajní, je jediný, ktorý...
Uloženo v:
| Série: | Mesační jazdci,
část 5 |
|---|---|
| Hlavní autor: | |
| Médium: | E-kniha |
| Jazyk: | Czech |
| Vydáno: |
Praha :
Albatros Media Slovakia s.r.o.,
2025
|
| Příbuzné jednotky: | Z cyklu::
Mesační jazdci |
| Tagy: |
Žádné tagy |
| LEADER | 01599nam a22002417i 4500 | ||
|---|---|---|---|
| 001 | 302708 | ||
| 007 | ta | ||
| 008 | 260514s2025 xr ||||| |||| 00| 0 cze d | ||
| 020 | |a 9788056648131 | ||
| 044 | |a xr | ||
| 100 | 1 | |a Chapmanová, Linda |4 aut | |
| 245 | 1 | 0 | |a Mesační jazdci 5 - Snehová kobyla / |c Chapmanová, Linda |
| 240 | 1 | 0 | |a Moonlight Riders - Snow Mare |
| 264 | 1 | |a Praha : |b Albatros Media Slovakia s.r.o., |c 2025 | |
| 300 | |a 1 online zdroj (160 stran) | ||
| 336 | |a text |b txt |2 rdacontent | ||
| 337 | |a bez média |b n |2 rdamedia | ||
| 338 | |a online zdroj |b cr |2 rdacarrier | ||
| 520 | 2 | |a Je zima a jazdci a jazdkyne z Mesačných stajní sa pripravujú na najdôležitejšie preteky roka. Amara a jej priatelia majú šancu súťaž vyhrať, ale nedarí sa im. Neskôr sa dozvedia, že aj ďalšie dva tímy čelia nebezpečnými situáciám. Keď zistia, že štvrtý tím – ten z Búrkových stajní, je jediný, ktorý nič neohrozilo, začínajú čosi tušiť. Podarí sa im dokázať, že v tom majú prsty jazdci z Búrkových stajní? Dokážu im zabrániť v sabotovaní súťaže? A akú úlohu v tom všetkom hrá kúzelný biely poník? | |
| 787 | 0 | 8 | |g 5 |i Z cyklu: |t Mesační jazdci |
| 910 | |a RBIT002 | ||
| 998 | |d 426965 |a https://core.palmknihy.cz/api/books/426965/cover?tesgi5 |b https://core.palmknihy.cz/api/books/426965/cover/400?tesgi5 |c https://core.palmknihy.cz/api/books/426965/cover/50?tesgi5 |e 2030-01-27 |g 160 |i 9788056648131 |k https://core.palmknihy.cz/api/books/426965/preview.pdf |l |q 49 |r 1 |s https://www.palmknihy.cz/kniha/426965 |t ebook |y 2025 |z 1 |v Mesační jazdci |w 5 | ||
| 999 | |d 302706 | ||